|
|
|
|
| LEADER |
00000nam0a2200000 4500 |
| 001 |
343402 |
| 005 |
20240206160523.0 |
| 010 |
|
|
|a 9785438708520
|
| 035 |
|
|
|a (RuTPU)RU\TPU\book\373608
|
| 090 |
|
|
|a 343402
|
| 100 |
|
|
|a 20190916d2019 m y0rusy50 ca
|
| 101 |
0 |
|
|a rus
|
| 102 |
|
|
|a RU
|
| 105 |
|
|
|a a j 001zy
|
| 200 |
1 |
|
|a Письмо на отлично. Пособие по русскому языку
|e учебное пособие
|f Т. А. Демидова, Л. М. Гриценко, Т. Ф. Волкова, Е. А. Шерина
|g Национальный исследовательский Томский политехнический университет
|
| 210 |
|
|
|a Томск
|c Изд-во ТПУ
|d 2019
|
| 215 |
|
|
|a 135 с.
|c ил.
|
| 320 |
|
|
|a Библиогр. в тексте
|
| 330 |
|
|
|a Пособие содержит справочную информацию, образцы, задания и контролирующие материалы по четырем видам письменных текстов: личное письмо, изложение (уровень ТРКИ-1). официальное письмо, рекомендательное письмо (уровень ТРКИ-П). Предназначено для совершенствования навыков создания различных видов письменных текстов, развития умений анализировать и систематизировать информацию, необходимую для создания собственного текста, выражать свое мнение в жанрах письменной речи. Ориентировано на иностранных учащихся, готовящихся к прохождению государственного тестирования по русскому языку как иностранному.
|
| 606 |
1 |
|
|a Русский язык
|x Для других народов
|x Учебные руководства и пособия
|2 stltpush
|3 (RuTPU)RU\TPU\subj\26400
|9 50340
|
| 610 |
1 |
|
|a русский язык для иностранцев
|
| 610 |
1 |
|
|a русский язык как иностранный
|
| 610 |
1 |
|
|a лексемы
|
| 610 |
1 |
|
|a письмо
|
| 610 |
1 |
|
|a письменная речь
|
| 610 |
1 |
|
|a деловое письмо
|
| 610 |
1 |
|
|a письменные тексты
|
| 610 |
1 |
|
|a упражнения
|
| 610 |
1 |
|
|a труды учёных ТПУ
|
| 686 |
|
|
|a Ш141.2-96
|2 rubbk
|
| 701 |
|
1 |
|a Демидова
|b Т. А.
|c лингвист
|c доцент Томского политехнического университета, кандидат филологических наук
|f 1981-
|g Татьяна Александровна
|3 (RuTPU)RU\TPU\pers\28278
|9 13222
|
| 701 |
|
1 |
|a Гриценко
|b Л. М.
|c лингвист
|c доцент Томского политехнического университета, кандидат филологических наук
|f 1978-
|g Любовь Михайловна
|3 (RuTPU)RU\TPU\pers\28279
|9 13223
|
| 701 |
|
1 |
|a Волкова
|b Т. Ф.
|c лингвист
|c доцент Томского политехнического университета, кандидат филологических наук
|f 1974-
|g Татьяна Фёдоровна
|3 (RuTPU)RU\TPU\pers\24589
|9 10887
|
| 701 |
|
1 |
|a Шерина
|b Е. А.
|c лингвист
|c доцент Томского политехнического университета, кандидат филологических наук
|f 1982-
|g Евгения Алексеевна
|3 (RuTPU)RU\TPU\pers\31321
|9 15493
|
| 712 |
0 |
2 |
|a Национальный исследовательский Томский политехнический университет
|c (2009- )
|3 (RuTPU)RU\TPU\col\15902
|9 26305
|
| 801 |
|
1 |
|a RU
|b 63413507
|c 20190916
|
| 801 |
|
2 |
|a RU
|b 63413507
|c 20221212
|g RCR
|
| 942 |
|
|
|c BK
|